000
00196 a2200097 4500
001
3614
100
_a
Bible society
245
_a
Kitab-e-Muccadas
260
_a
_b
B.F.B.S
_c
090
_c
2878
_d
2878
942
_a
NUST-CAE
_c
M
_c
20868
999
_c
238687
_d
238687